| 000 | 01030pam a2200265 a 4500 | ||
|---|---|---|---|
| 999 |
_c332091 _d332091 |
||
| 001 | 4851042 | ||
| 003 | NUST | ||
| 005 | 20171109142113.0 | ||
| 008 | 910404s1991 enka b 001 0 eng | ||
| 010 | _a 91015642 | ||
| 020 |
_a0750611391 : _c£50.00 |
||
| 040 |
_aDLC _cDLC _dDLC |
||
| 050 | 0 | 0 |
_aTD380 _b.C76 1991 |
| 082 | 0 | 0 |
_a628.161 CRO _220 |
| 100 | 1 |
_aCrompton, T. R. _q(Thomas Roy) _96269 |
|
| 245 | 1 | 0 |
_aAnalytical instrumentation for the water industry / _cT.R. Crompton. |
| 260 |
_aOxford ; _aBoston : _bButterworth Heinemann, _c1991. |
||
| 300 |
_ax, 308 p. : _bill. ; _c24 cm. |
||
| 440 | 0 |
_aIndustrial instrumentation series _96270 |
|
| 500 | _aH.B | ||
| 504 | _aIncludes bibliographical references (p. [291]-299) and index. | ||
| 650 | 0 |
_aWater _xAnalysis. _96133 |
|
| 650 | 0 |
_aWater quality _xMeasurement _xEquipment and supplies. _96271 |
|
| 906 |
_a7 _bcbc _corignew _d1 _eocip _f19 _gy-gencatlg |
||
| 942 |
_2ddc _cBK _kIESE |
||